|
|
|
|
| LEADER |
00787nab#a2200277#ar4500 |
| 001 |
000029421 |
| 003 |
SVKKK |
| 005 |
00000000000000.0 |
| 008 |
c xr e czeo |
| FMT |
|
|
|
| 038 |
|
|
|a SVKKK
|
| 040 |
|
|
|a SVKKK
|b slo
|e AACR2
|
| 041 |
0 |
|
|a cze
|
| 044 |
|
|
|a xr
|c CZ
|
| 080 |
|
|
|a 519.2
|2 1981
|
| 100 |
1 |
|
|a Weiss, Zdeněk
|4 aut
|
| 245 |
1 |
0 |
|a Optická emisní spektroskopie s doutnavým výbojem (GD-OES) v analýze materiálu
|c Weiss Zdeněk,
|
| 300 |
|
|
|b Obr., tab.
|
| 650 |
0 |
4 |
|a analýza spektrálna
|x metóda emisná
|x vlastnosti
|x analýzy
|
| 650 |
0 |
4 |
|a optická emisná spektroskópia (GD-OES)
|
| 773 |
0 |
|
|t Slévárenství
|x 0037-6825
|g Roč. 48, č. 1(2000), s. 25-27
|
| 974 |
|
|
|d 000312
|a Mi
|
| 992 |
|
|
|a RBX
|
| BAS |
|
|
|
| 852 |
|
|
|a SVKKK
|b BIB
|
| 998 |
|
|
|a HUT
|